00558 2200193 4500001002100000005001700021008004100038035002400079082001000103090002200113100002000135245007100155250001100226260003500237300002500272650003300297700001300330999002100343YOGYA-0411000000154120110418172633.0 ind  0010-041100000001541 a248.4 a248.4cSug MlDEP aSUGIANTO, Ishak aMengatasi gelombang kehidupanbIshak Sugiantocpenyunting Tessa AW acet. 1 aYogyakartabYayasan Andic2000 aviiib115 hlmc19 cm aKehidupan beragama (Kristen) aTessa AW aCB-D.11 2000-375